• 首页
  • 本馆介绍
  • 公告通知
  • 最新文献
  • 馆藏检索
  • 电子资源
  • 读者导购
  • 参考咨询
  • 我的图书馆
  • 登录
  • 详细信息显示
  • 放入我的书架
  • 预约/预借图书
  • 作者相关作品
  • 分类相关作品
  • 丛书相关作品
  • 出版社相关作品

书目信息

  • 表格格式
  • 工作单格式
  • 卡片格式
题名:
马克思与福柯
    
 
作者: 莱姆克 著 ;陈元 译
分册:  
出版信息: 上海   华东师范大学出版社  2007
页数: 233页
开本: 21cm
丛书名: 西方传统 经典与解释
单 册:
中图分类: B565.59 , A81
科图分类:
主题词: 哲学思想 , 马恩著作--学习 , 马恩著作研究
电子资源:
ISBN: 978-7-5617-5574-7
000 01274oam2 2200337 450
001 0960878608
005 20090928165632.78
010    @a978-7-5617-5574-7@dCNY19.80
100    @a20080407d2007 em y0chiy50 ea
101 1  @achi@cfre
102    @aCN@b310000
105    @ay z 000yy
106    @ar
200 1  @a马克思与福柯@dMarx et Foucault@f(英)莱姆克(T. Lemke)等著@g陈元等译@zfre@Ama ke si yu fu ke
210    @a上海@c华东师范大学出版社@d2007
215    @a233页@d21cm
225 2  @a西方传统 经典与解释@i马克思与西方传统
330    @a福柯的著作对那些自称是马克思主义者的人们所产生的影响是巨大的,同时也对那些今天声称不再需要马克思主义的人们产生了极大的吸引力……福柯的思想中一直活跃着一种马克思主义,这是一种继承下来的隐性遗产,虽然不那么显而易见,但却发挥着重要的作用。
462  0 @1001003730184
510 1  @aMarx et Foucault@zfre
600  0 @a福柯@c(Foucault, Michel@f1926-1984)
600  0 @a福柯@c(Foucault, Michel@f1926-1984)@x哲学思想@x思想评论
606 0  @a哲学思想
606 0  @a马恩著作@x学习
606 0  @a马恩著作研究
690    @aB565.59@v4
690    @aA81@v4
701  0 @c(英)@a莱姆克@c(Lemke, Thomas)@4著@Alai mu ke
702  0 @a陈元@4译@Achen yuan
801  0 @aCN@bWT@c20080123
905    @a10447@dA81@eJY32
    
    马克思与福柯=Marx et Foucault/(英)莱姆克(T. Lemke)等著/陈元等译.-上海:华东师范大学出版社,2007
    233页;21cm .-(西方传统 经典与解释.马克思与西方传统 )
    
    
    ISBN 978-7-5617-5574-7:CNY19.80
    福柯的著作对那些自称是马克思主义者的人们所产生的影响是巨大的,同时也对那些今天声称不再需要马克思主义的人们产生了极大的吸引力……福柯的思想中一直活跃着一种马克思主义,这是一种继承下来的隐性遗产,虽然不那么显而易见,但却发挥着重要的作用。
●
相关链接 在E读中查询图书 在五车中查询图书 在当当中查询图书 在豆瓣中查询图书


正题名:马克思与福柯     索取号:A81/JY32         预约/预借

序号 登录号 条形码 馆藏地/架位号 状态 备注
1 7804949   278049498   学院路分馆/ [索取号:A81/JY32] 在馆    
2 7804950   278049504   学院路分馆/ [索取号:A81/JY32] 在馆    
唐山师范学院图书馆 欢迎您!
大连网信软件有限公司© 版权所有